[Event "IBM-B"]
[Site "Amsterdam"]
[Date "1974.??.??"]
[Round "10"]
[White "Ardiansyah, Haji"]
[Black "Vogel, Jaap"]
[Result "1-0"]
[WhiteElo "2315"]
[BlackElo "2350"]

1.e4 e6 2.d4 d5 3.Nc3 Bb4 4.e5 b6 5.Bd2 Qd7 6.a4 Nc6 7.Nf3 Bb7 8.Bd3 Bf8
9.O-O Nb4 10.Be2 a5 11.Re1 c6 12.h3 Ne7 13.Nb1 Ba6 14.Bxa6 Nxa6 15.c3 c5
16.Na3 Nc6 17.Nb5 Nc7 18.Qe2 Nxb5 19.axb5 Na7 20.dxc5 Bxc5 21.b4 axb4 22.cxb4 Be7
23.Ra6 Rb8 24.Nd4 O-O 25.Rea1 Rb7 26.f4 Rc8 27.f5 exf5 28.e6 fxe6 29.Rxa7 Bf6
30.Nc6 Bxa1 31.Rxa1 Rxc6 32.bxc6 Qxc6 33.Ra8+ Kf7 34.Qh5+ Kf6 35.Bg5+ Ke5
36.Qe2+ Kd6 37.Rd8+ Rd7 38.Re8 Kc7 39.Bf4+ Kb7 40.Rb8+ Ka7 41.Qa2+  1-0

[Event "FRG-ch"]
[Site "Menden"]
[Date "1974.??.??"]
[Round "?"]
[White "Hunold, Rolf"]
[Black "Hermann, Manfred"]
[Result "0-1"]
[WhiteElo "2200"]
[BlackElo "2200"]

1.e4 e6 2.d4 d5 3.Nc3 Bb4 4.e5 Qd7 5.a3 Bxc3+ 6.bxc3 b6 7.a4 Ba6 8.Bxa6 Nxa6
9.Qd3 Nb8 10.Ne2 Ne7 11.O-O Nbc6 12.Ba3 Na5 13.f4 g6 14.Bb4 Nc4 15.a5 Nf5
16.Ng3 h5 17.Nxf5 gxf5 18.axb6 cxb6 19.Ra6 h4 20.Rfa1 Kd8 21.Qf1 Kc8 22.R1a2 Qb7
23.Qa1 Na5 24.Qf1 Nc6 25.Bd6 Rg8 26.Kf2 Rg4 27.g3 f6 28.Qb5 Nd8 29.exf6 hxg3+
30.hxg3 Qh7 31.Qf1 Kb7 32.Qg2 Nc6 33.R6a3 Na5 34.Be5 Nc4 35.Ra6 Nd2 36.Ke2 Ne4
37.Kd1 Rxg3 38.Qxg3 Nxg3 39.Kc1 Qd7 40.R6a3 Ne4 41.Ra1 a5 42.Kb2 Rf8 43.Rb3 Ka6  0-1

[Event "FRG-ch"]
[Site "Menden"]
[Date "1974.??.??"]
[Round "?"]
[White "Hunold, Rolf"]
[Black "Hund, Gerhard"]
[Result "0-1"]
[WhiteElo "2200"]
[BlackElo "2200"]

1.e4 e6 2.d4 d5 3.Nc3 Bb4 4.e5 Qd7 5.a3 Bxc3+ 6.bxc3 b6 7.a4 Ne7 8.Ba3 O-O
9.Nf3 Re8 10.Bd3 h6 11.O-O Ba6 12.Bxa6 Nxa6 13.Qd3 Nb8 14.Nh4 Nbc6 15.f4 Nf5
16.Qh3 Nxh4 17.Qxh4 Na5 18.g4 Nc4 19.Bc1 Qe7 20.Qh5 f6 21.g5 Qf7 22.g6 Qe7
23.f5 Rf8 24.exf6 Qxf6 25.Bxh6 gxh6 26.Qxh6 Qg7 27.Qg5 Rf6 28.Rae1 exf5 29.Kh1 Nd6
30.Rg1 Ne4 31.Qf4 Re8 32.h4 Ree6 33.h5 Qe7 34.Qh4 f4 35.Rxe4 Rxe4 36.h6 Rf8
37.Qh5 Re2 38.Qxd5+ Qe6 39.Rg5 c6 40.Qxe6+ Rxe6 41.Kg2  0-1

[Event "CSR-ch"]
[Site "Rimavska Sobota"]
[Date "1974.??.??"]
[Round "1"]
[White "Lanc, Alois"]
[Black "Fichtl, Jiri"]
[Result "1-0"]
[WhiteElo "2200"]
[BlackElo "2380"]

1.e4 e6 2.d4 d5 3.Nc3 Bb4 4.e5 Qd7 5.a3 Bf8 6.f4 b6 7.Nf3 Ba6 8.Bxa6 Nxa6
9.Qe2 Nb8 10.f5 exf5 11.Ng5 Be7 12.e6 fxe6 13.Qxe6 Nf6 14.Qf7+ Kd8 15.Qxg7 Rg8
16.Qf7 Kc8 17.O-O Nc6 18.Nxh7 Bd8 19.Qxd7+ Nxd7 20.Rxf5 Nxd4 21.Rxd5 Nxc2
22.Rb1 c6 23.Rd6 Be7 24.Rxc6+ Kb7 25.Re6 Rg7 26.Ng5 Bxg5 27.Bxg5 Rxg5 28.Rd1 Ne5
29.Ne4 Nf3+ 30.Kf2 Re5 31.Rd7+ Ka6 32.Rxe5 Nxe5 33.Rd2 Rc8 34.h3 Na1 35.g4 Nb3
36.Rd5 Rf8+ 37.Kg3 Rf3+ 38.Kh4 Ng6+ 39.Kg5 Ne7 40.Rd7 Nc6 41.h4 Ne5 42.Rd5 Nf7+
43.Kg6 Re3 44.Kxf7 Rxe4 45.Rg5 Nd4 46.h5 Nf3 47.Kf6 Nxg5 48.Kxg5 Kb5 49.h6 Kc6
50.h7 Re8 51.Kf6 Kd6 52.g5 Re6+ 53.Kf5 Re5+ 54.Kf4 Re8 55.g6 Rf8+ 56.Kg5 Ke5
57.g7  1-0

[Event "CSR-ch"]
[Site "Rimavska Sobota"]
[Date "1974.??.??"]
[Round "12"]
[White "Mista, Ladislav"]
[Black "Fichtl, Jiri"]
[Result "1-0"]
[WhiteElo "2355"]
[BlackElo "2380"]

1.e4 e6 2.d4 d5 3.Nc3 Bb4 4.e5 Qd7 5.Nf3 b6 6.Bd3 Ba6 7.O-O c5 8.Bxa6 Nxa6
9.Ne2 cxd4 10.Qxd4 Bc5 11.Qg4 Bf8 12.Bg5 h6 13.Bh4 Nc5 14.Nfd4 Ne4 15.c4 g5
16.cxd5 Qxd5 17.Nxe6 fxe6 18.Qh5+ Ke7 19.Nf4 Qb5 20.Rac1 Rd8 21.Ng6+ Kf7
22.Rc7+ Rd7 23.Rc8 Nef6 24.exf6 Nxf6 25.Nxh8+  1-0

[Event "URS Cup"]
[Site "Tbilisi"]
[Date "1974.??.??"]
[Round "?"]
[White "Machulsky, Anatoly D"]
[Black "Bronstein, David I"]
[Result "0-1"]
[WhiteElo "2390"]
[BlackElo "2595"]

1.e4 e6 2.d4 d5 3.Nc3 Bb4 4.e5 b6 5.a3 Bf8 6.f4 c5 7.Nf3 Nh6 8.Be3 Nf5 9.Bf2 Nc6
10.Bb5 Bd7 11.Bxc6 Bxc6 12.Ne2 h5 13.g3 a5 14.Qd2 c4 15.h3 b5 16.Kf1 b4 17.axb4 Bxb4
18.c3 Be7 19.Kg2 Kd7 20.Kh2 a4 21.Ne1 Rb8 22.Ng2 Qg8 23.Ne3 Qh7 24.Ng2 Rb7
25.Ra2 Rhb8 26.Qc2 Nh4 27.Rc1 Nf3+ 28.Kh1 Qxc2 29.Rxc2 a3 30.bxa3 Ba4 31.Rc1 Rb2
32.Rca1 Rxa2 33.Rxa2 Rb1+ 34.Ng1 Nxg1 35.Bxg1 Rc1 36.Rb2 Bb3 37.a4 Ba3 38.Re2 Kc6
39.a5 g6 40.Kh2 Rxc3 41.Be3 Kb5 42.g4 hxg4 43.hxg4 Bc1 44.f5 Bxe3 45.Nxe3 gxf5
46.gxf5 Kxa5 47.Kg2 Rd3 48.Nxd5 Rxd4 49.fxe6 fxe6 50.Nc3 Kb4 51.Re3 Rd3 52.Rxd3 cxd3
53.Nb1 Ba2 54.Nd2 Kc3 55.Ne4+ Kc2  0-1

[Event "BCF-ch"]
[Site "Morecambe"]
[Date "1975.08.04"]
[Round "1"]
[White "Knox, Victor W"]
[Black "Clarke, Peter H"]
[Result "1-0"]
[WhiteElo "2320"]
[BlackElo "2350"]

1.e4 e6 2.d4 d5 3.Nc3 Bb4 4.e5 Qd7 5.a3 Bxc3+ 6.bxc3 b6 7.a4 Ba6 8.Bxa6 Nxa6
9.Qg4 f5 10.Qh5+ Qf7 11.Qe2 Nb8 12.Nf3 Nc6 13.c4 Nge7 14.cxd5 Nxd5 15.Ba3 O-O-O
16.O-O g5 17.Qa6+ Kb8 18.a5 g4 19.Nd2 Ka8 20.Nb3 Qd7 21.Rfd1 Nf4 22.axb6 cxb6
23.Bd6 Qb7 24.Qf1 Ne7 25.Bxe7 Qxe7 26.Ra2 Rd7 27.Qb5 Rb7 28.c4 Rc8 29.Qa6 Qc7
30.c5 Qc6 31.Qf1 Qd5 32.Ra3 Qe4 33.Rda1 Rcc7 34.Kh1 Kb8 35.f3 gxf3 36.Qxf3 Qxf3
37.gxf3 Rg7 38.Rg1 Rxg1+ 39.Kxg1 bxc5 40.Nxc5 Ne2+ 41.Kf2 Nxd4 42.Nxb7 Kxb7
43.Rd3 Nb5 44.Rd7+ Kc6 45.Rxh7 a5 46.Rh8  1-0

[Event "IBM-B"]
[Site "Amsterdam"]
[Date "1975.??.??"]
[Round "9"]
[White "Enklaar, Bertus F"]
[Black "Farago, Ivan"]
[Result "0-1"]
[WhiteElo "2410"]
[BlackElo "2460"]

1.e4 e6 2.d4 d5 3.Nc3 Bb4 4.e5 Ne7 5.a3 Bxc3+ 6.bxc3 c5 7.Nf3 Qa5 8.Bd2 Bd7
9.a4 Nbc6 10.Be2 c4 11.Ng5 h6 12.Nh3 O-O-O 13.Nf4 g6 14.O-O Kb8 15.g3 Nc8
16.Ng2 Nb6 17.Qc1 Nxa4 18.Ra3 a6 19.Bxh6 Nxc3 20.Bg4 Qb6 21.Be3 Nb5 22.Ra1 c3
23.Rd1 Na5 24.Bg5 Rc8 25.Qf4 Be8 26.Be7 Nc4 27.Bc5 Qc7 28.Qf6 Rg8 29.Be7 Ka8
30.Be2 Nd2 31.Bxb5 Bxb5 32.Bd6 Qd7 33.Qf4 g5 34.Qe3 Nc4 35.Qf3 Nxd6 36.exd6 f5
37.h4 gxh4 38.Nxh4 Qxd6 39.Ng2 Rg4 40.Nf4 Rcg8  0-1

[Event "CSR-ch"]
[Site "Brno"]
[Date "1975.??.??"]
[Round "5"]
[White "Lanc, Alois"]
[Black "Uhlmann, Wolfgang"]
[Result "1/2-1/2"]
[WhiteElo "2200"]
[BlackElo "2535"]

1.e4 e6 2.d4 d5 3.Nc3 Bb4 4.e5 Ne7 5.a3 Bxc3+ 6.bxc3 c5 7.Nf3 Bd7 8.a4 Qa5
9.Bd2 Nbc6 10.Bb5 a6 11.Be2 c4 12.O-O f6 13.Re1 fxe5 14.Nxe5 Nxe5 15.dxe5 O-O
16.Bg4 Nf5 17.Qb1 Bc6 18.Qa2 Rad8 19.Re2 Rd7 20.Qa3 Qd8 21.Qc5 d4 22.Bxf5 Rxf5
23.Qxc4 Bd5 24.Qd3 dxc3 25.Qxc3 Rc7 26.Qd3 Qe8 27.Re3 Rc4 28.a5 Qc6 29.Rg3 Rxc2
30.h3 Qc5 31.Be3 Qc4 32.Qxc4 Rxc4 33.Bb6 Rxe5 34.Re3 Rg5 35.g3 Rh5 36.Kh2 Rc2
37.Ree1 Rf5 38.Kg1 Rf3 39.Rec1 Rfc3 40.Rxc2 Rxc2 41.Be3 Kf7 42.Kh2  1/2-1/2

[Event "ARG-ch"]
[Site "Buenos Aires"]
[Date "1975.??.??"]
[Round "17"]
[White "Bronstein, Luis"]
[Black "Rodriguez, I."]
[Result "1/2-1/2"]
[WhiteElo "2355"]
[BlackElo "2200"]

1.d4 e6 2.e4 d5 3.Nc3 Bb4 4.e5 Ne7 5.Bd2 Nf5 6.Nce2 Bxd2+ 7.Qxd2 c5 8.Nf3 Nc6
9.dxc5 Qc7 10.Qf4 O-O 11.O-O-O b6 12.Ng3 bxc5 13.Nh5 f6 14.exf6 Qxf4+ 15.Nxf4 Rxf6
16.g3 Nfd4 17.Nxd4 Nxd4 18.c3 Nf5 19.Bg2 Rb8 20.Rhe1 Nd6 21.Bh3 Ne4 22.Rxe4 dxe4
23.Rd8+ Rf8 24.Bxe6+ Bxe6 25.Rxb8 Rxb8 26.Nxe6 Rc8 27.Kd2 c4 28.b4 Rc6 29.Nc5 g5
30.Nxe4 Ra6 31.Nxg5 Kg7 32.Ke3 Rxa2 33.h4 Kg6 34.f3 Ra1 35.Ne4 h5 36.g4 Rd1
37.Nd2 Re1+ 38.Kf4 Rc1 39.Ne4 Rd1 40.gxh5+ Kxh5 41.Ke5 Kxh4 42.f4 Re1 43.Kd5 Kg4
44.Nd6 Kxf4  1/2-1/2

[Event "NLD-ch Leeuwarden"]
[Site "Leeuwarden"]
[Date "1975.??.??"]
[Round "7"]
[White "Van der Sterren, Paul"]
[Black "Vogel, Jaap"]
[Result "1/2-1/2"]
[WhiteElo "2200"]
[BlackElo "2335"]

1.e4 e6 2.d4 d5 3.Nc3 Bb4 4.e5 b6 5.Qg4 Bf8 6.a4 Nc6 7.Nb1 Nb4 8.Na3 c5 9.c3 Nc6
10.Nf3 cxd4 11.Bb5 Ne7 12.Bg5 Bd7 13.Bxc6 Bxc6 14.Nxd4 h5 15.Qe2 Qd7 16.Nab5 Ng6
17.f4 a6 18.f5 exf5 19.Nd6+ Bxd6 20.exd6+ Kf8 21.Be7+ Kg8 22.O-O f4  1/2-1/2

[Event "URS-chT"]
[Site "Riga"]
[Date "1975.??.??"]
[Round "?"]
[White "Ozola, A."]
[Black "Kausilaite, Vilhelmina"]
[Result "1/2-1/2"]
[WhiteElo "2000"]
[BlackElo "2000"]

1.e4 e6 2.d4 d5 3.Nc3 Bb4 4.e5 b6 5.Qg4 Bf8 6.Bg5 Qd7 7.Nf3 Ba6 8.Bxa6 Nxa6
9.a3 h6 10.Qh4 Ne7 11.Bxe7 Bxe7 12.Qg3 g6 13.h4 h5 14.Qf4 c5 15.O-O Rc8 16.Rad1 c4
17.Ne2 Nc7 18.Ng5 Bxg5 19.Qxg5 Qe7 20.Qg3 Kf8 21.Nf4 Ne8 22.Nh3 Ng7 23.Qg5 Nf5
24.g3 Qxg5 25.Nxg5 Ke7 26.c3 Rc7 27.Ra1 b5 28.Kg2 a5 29.Ra2 Rb8 30.Rfa1 Rbb7
31.Nf3 Kd7 32.Nd2 b4 33.axb4 axb4 34.Kf1 Ne7 35.Ke2 Nc6 36.Kd1 Na7 37.Ra4 Nc6
38.R4a2 Rc8 39.Ra4 Rcb8 40.R4a2 Rc8 41.Ra4  1/2-1/2

[Event "SWE-ch"]
[Site "?"]
[Date "1975.??.??"]
[Round "?"]
[White "Kaiszauri, Konstanty"]
[Black "Fredriksson, Leif"]
[Result "0-1"]
[WhiteElo "2345"]
[BlackElo "2350"]

1.e4 e6 2.d4 d5 3.Nc3 Bb4 4.e5 Ne7 5.a3 Bxc3+ 6.bxc3 c5 7.a4 Qc7 8.Nf3 Bd7
9.Be2 Nbc6 10.O-O Na5 11.Bf4 Nc4 12.Qc1 Rc8 13.Bd3 Qa5 14.Nd2 Nxd2 15.Bxd2 c4
16.Be2 Bxa4 17.h4 b5 18.h5 Rg8 19.f4 g6 20.Rf3 Nf5 21.Rh3 Kd7 22.Kh2 Qc7
23.Be1 Rce8 24.Bd1 Kc8 25.Qa3 g5 26.g4 Nh6 27.fxg5 Rxg5 28.Bd2 Nxg4+ 29.Kg3 Rgg8
30.Bxg4 f5 31.Rh4 fxg4 32.Qc5 Qxc5 33.dxc5 Re7 34.Rc1 Kb7 35.h6 Kc6 36.Be3 Rf7
37.Rxg4 Rxg4+ 38.Kxg4 a6 39.Kh4 a5 40.Rg1 Bxc2 41.Rg8 Rf3 42.Bd4 Bf5  0-1

[Event "Capablanca mem-B 13th"]
[Site "Cienfuegos"]
[Date "1976.05.17"]
[Round "1"]
[White "Szmetan, Jorge"]
[Black "Cuartas, Carlos"]
[Result "1-0"]
[WhiteElo "2450"]
[BlackElo "2425"]

1.e4 e6 2.d4 d5 3.Nc3 Bb4 4.e5 b6 5.Qg4 Bf8 6.Nh3 Qd7 7.Nf4 Nh6 8.Qd1 Nc6
9.Nh5 Nf5 10.Be3 Bb7 11.g4 Nxe3 12.fxe3 O-O-O 13.Bg2 Na5 14.Qd3 Nc4 15.b3 Bb4
16.bxc4 Ba6 17.Rb1 Bxc4 18.Qxc4 dxc4 19.Rxb4 Qe7 20.Rxc4 Qg5 21.Nf4 Qh4+
22.Ke2 a6 23.h3 h5 24.gxh5 b5 25.Rc6 Rxd4 26.exd4 Qxf4 27.Ne4 Rxh5 28.Rf1 Qh2
29.Rf2 Kd8 30.Rc3 Rf5 31.Rg3 Qg1 32.Rf1 Qh2 33.Rh1  1-0

[Event "Capablanca mem-B 13th"]
[Site "Cienfuegos"]
[Date "1976.05.18"]
[Round "2"]
[White "Sieiro Gonzalez, Luis"]
[Black "Perez Perez, Francisco Jose"]
[Result "1/2-1/2"]
[WhiteElo "2225"]
[BlackElo "2325"]

1.e4 e6 2.d4 d5 3.Nc3 Bb4 4.e5 Ne7 5.a3 Bxc3+ 6.bxc3 c5 7.Nf3 Nbc6 8.a4 Qa5
9.Bd2 c4 10.Be2 O-O 11.O-O f6 12.exf6 Rxf6 13.Bg5 Rf7 14.Qd2 Bd7 15.Ne5 Nxe5
16.dxe5 h6  1/2-1/2

[Event "Capablanca mem-A 13th"]
[Site "Cienfuegos"]
[Date "1976.05.28"]
[Round "12"]
[White "Honfi, Karoly"]
[Black "Lebredo, Gerardo"]
[Result "1-0"]
[WhiteElo "2460"]
[BlackElo "2355"]

1.e4 e6 2.d4 d5 3.Nc3 Bb4 4.e5 b6 5.Qg4 Bf8 6.Bb5+ c6 7.Bd3 Ba6 8.Nf3 Qd7
9.h4 h5 10.Qg3 Ne7 11.Bg5 Bxd3 12.cxd3 Nf5 13.Qf4 c5 14.O-O Nc6 15.Ne2 Rc8
16.Rfc1 Nb4 17.Qd2 Qb5 18.Rc3 Be7 19.Bxe7 Kxe7 20.a3 Na6 21.Rac1 Kd7 22.Qc2 Ne7
23.Ng5 Rhf8 24.dxc5 bxc5 25.Rb3 Qc6 26.Qd1 Nf5 27.d4 c4 28.Ng3 Nc7 29.Nxf5 exf5
30.Re3 g6 31.b3 Ke7 32.Qd2 Ne6 33.Qb4+ Kd7 34.Nh7 Rfd8 35.Nf6+ Kc7 36.bxc4 Nxd4
37.Rb1 Ra8 38.Qa5+ Kc8 39.cxd5  1-0

[Event "Hastings7677"]
[Site "Hastings"]
[Date "1976.??.??"]
[Round "1"]
[White "Kaplan, Julio P"]
[Black "Farago, Ivan"]
[Result "1/2-1/2"]
[WhiteElo "2435"]
[BlackElo "2425"]

1.e4 e6 2.d4 d5 3.Nc3 Bb4 4.e5 Ne7 5.a3 Bxc3+ 6.bxc3 c5 7.Nf3 Bd7 8.a4 Qa5
9.Bd2 Nbc6 10.Be2 Qc7 11.O-O f6 12.exf6 gxf6 13.dxc5 e5 14.c4 d4 15.c3 dxc3
16.Bxc3 Nf5 17.Nd2 O-O-O 18.Ne4 Be6 19.Qb1 Qf7 20.Ra2 Bxc4 21.Bxc4 Qxc4 22.Nxf6 Rd3
23.Rc2 Nfd4 24.Bxd4 Qxd4 25.Re2 Rd8 26.Ne4 Rd1 27.Rxd1 Qxd1+ 28.Re1 Qxb1
29.Rxb1 b6 30.f3 Kb7 31.Kf2 Rd4 32.cxb6 axb6 33.Ke3 Ka6 34.Nc3 Na5 35.Rd1 Nb3
36.Rb1  1/2-1/2

[Event "Tungsram"]
[Site "Budapest"]
[Date "1977.??.??"]
[Round "?"]
[White "Sax, Gyula"]
[Black "Bronstein, David I"]
[Result "1/2-1/2"]
[WhiteElo "2565"]
[BlackElo "2560"]

1.e4 e6 2.d4 d5 3.Nc3 Bb4 4.e5 b6 5.Qg4 Bf8 6.Nf3 Qd7 7.Bd3 Nc6 8.a3 Bb7
9.Bg5 h6 10.Be3 O-O-O 11.h4 h5 12.Qg3 f6 13.O-O-O Nh6 14.Bf4 Ng4 15.Rhe1 a6
16.Re2 f5 17.Bg5 Re8 18.Kb1 Kb8 19.Red2 Na7 20.Ne2 Qa4 21.Rc1 Nb5 22.Bxb5 axb5
23.Nf4 b4 24.axb4 Ba6 25.b3 Qxb4 26.Ng6 Kb7 27.Ne1 Bc4 28.Nd3 Qa5 29.bxc4 Ra8
30.c3 Qa1+ 31.Kc2 Qa4+  1/2-1/2

[Event "Le Havre"]
[Site "Le Havre"]
[Date "1977.??.??"]
[Round "13"]
[White "Sveshnikov, Evgeny"]
[Black "Pytel, Krzysztof"]
[Result "1/2-1/2"]
[WhiteElo "2520"]
[BlackElo "2435"]

1.e4 e6 2.d4 d5 3.Nc3 Bb4 4.e5 Ne7 5.a3 Bxc3+ 6.bxc3 c5 7.Nf3 Nbc6 8.Bd3 Qa5
9.Qd2 Bd7 10.a4 cxd4 11.cxd4 Rc8 12.Ba3 Qxd2+ 13.Kxd2 Na5 14.Rab1 b6 15.Bb4 Nec6
16.Ba6 Nc4+  1/2-1/2

[Event "Rzeszow op"]
[Site "Rzeszow"]
[Date "1977.??.??"]
[Round "9"]
[White "Pokojowczyk, Jerzy"]
[Black "Nowak, Ignacy"]
[Result "1-0"]
[WhiteElo "2345"]
[BlackElo "2325"]

1.e4 e6 2.d4 d5 3.Nc3 Bb4 4.e5 b6 5.a3 Bf8 6.Nf3 Qd7 7.Bd3 Nc6 8.O-O Nge7
9.b4 h6 10.Re1 Bb7 11.Bd2 Nc8 12.Ne2 a6 13.c3 N6e7 14.Ng3 b5 15.a4 bxa4 16.Rxa4 Nb6
17.Ra1 Nc4 18.Qe2 Nc8 19.Bxc4 dxc4 20.Qxc4 Nb6 21.Qe2 Qb5 22.Ra5 Qxe2 23.Rxe2 Nc4
24.Ra1 a5 25.bxa5 Rxa5 26.Rxa5 Nxa5 27.Be1 Nc4 28.Ra2 Kd7 29.Nd2 Nxd2 30.Bxd2 Be7
31.Nh5 Bd5 32.Ra1 Rg8 33.f3 g5 34.Kf2 Rb8 35.Nf6+ Bxf6 36.exf6 Rb2 37.Ke3 h5
38.h4 g4 39.fxg4 hxg4 40.g3 Rb5 41.Kd3 Bf3 42.Bf4 Rf5 43.Ra7 Rxf6 44.Rxc7+ Ke8
45.h5 Rf5 46.Rc5 Rxc5 47.dxc5 f6 48.h6 Kf7 49.Kc4 e5 50.Be3 Be4 51.Kb5 Ke7
52.c6 Kd8 53.Kb6 Kc8 54.Bc5 Bg6 55.Be7 f5 56.Bd6 f4  1-0

[Event "SWE-ch"]
[Site "?"]
[Date "1977.??.??"]
[Round "?"]
[White "Rorvall, Goran"]
[Black "Helmertz, Per Inge"]
[Result "1-0"]
[WhiteElo "2410"]
[BlackElo "2295"]

1.e4 e6 2.d4 d5 3.Nc3 Bb4 4.e5 Ne7 5.a3 Bxc3+ 6.bxc3 c5 7.a4 Bd7 8.Nf3 Nbc6
9.Be2 Qa5 10.Bd2 Qc7 11.O-O f6 12.exf6 gxf6 13.Re1 O-O-O 14.Bb5 a6 15.Bf1 e5
16.dxe5 fxe5 17.Bg5 e4 18.Nd2 Qe5 19.Bxe7 Nxe7 20.c4 Bc6 21.cxd5 Rxd5 22.Qg4+ Kb8
23.Qxe4 Qc3 24.Qf4+ Ka7 25.Ne4 Qxc2 26.Rac1 Ng6 27.Qe3 Qxa4 28.Nxc5 Qd4 29.Qxd4 Rxd4
30.Nxa6 Nh4 31.Nc7 Rg8 32.Re3 Rg6 33.Rg3 Kb6 34.Rxg6 hxg6 35.Ne6 Re4 36.Rb1+ Ka7
37.Nc5 Rg4 38.h3 Rg5 39.Ne6 Re5 40.Nd4 Bd7 41.g3 Nf5 42.Bg2 b5 43.Nc6+ Bxc6
44.Bxc6 Kb6 45.Bd7 Nd6 46.h4 Kc5 47.Kg2 b4 48.Ba4 g5 49.Rc1+ Kd4 50.h5 g4
51.h6 Re7 52.Rd1+ Kc5 53.Rh1 Rh7 54.Bc2 Rh8 55.h7 Nf7 56.Bb3 Ne5 57.Bg8 Nd7
58.Rh5+  1-0

[Event "SWE-ch"]
[Site "?"]
[Date "1977.??.??"]
[Round "?"]
[White "Bengtsson, Bo"]
[Black "Thornblom, N."]
[Result "1/2-1/2"]
[WhiteElo "2340"]
[BlackElo "2325"]

1.e4 e6 2.d4 d5 3.Nc3 Bb4 4.e5 Qd7 5.a3 Bxc3+ 6.bxc3 b6 7.a4 Ba6 8.Bxa6 Nxa6
9.Qg4 f5 10.Qh5+ Qf7 11.Qe2  1/2-1/2

[Event "SWE-ch"]
[Site "?"]
[Date "1977.??.??"]
[Round "?"]
[White "Ostberg, Peter"]
[Black "Thornblom, N."]
[Result "1/2-1/2"]
[WhiteElo "2200"]
[BlackElo "2325"]

1.e4 e6 2.d4 d5 3.Nc3 Bb4 4.e5 Qd7 5.Nf3 b6 6.Bd2 Ba6 7.Bxa6 Nxa6 8.O-O Ne7
9.Qe2 Bxc3 10.Bxc3 Nb8 11.b4 O-O 12.a4 Qc8 13.Bd2 c5 14.c3 cxb4 15.cxb4 Qc4
16.Qe3 Qc2 17.Rfc1 Qe4 18.Rc7 Nbc6 19.Re1 Qxe3 20.fxe3 Rfc8 21.Rxc8+ Rxc8  1/2-1/2

[Event "JUG-ch"]
[Site "Zagreb"]
[Date "1977.??.??"]
[Round "8"]
[White "Janosevic, Dragoljub"]
[Black "Sahovic, Dragutin"]
[Result "1/2-1/2"]
[WhiteElo "2435"]
[BlackElo "2460"]

1.e4 e6 2.d4 d5 3.Nc3 Bb4 4.e5 Qd7 5.a3 Bf8 6.f4 b6 7.Nf3 h5 8.Bd3 Nh6 9.Ne2 Ba6
10.Ng3 Bxd3 11.Qxd3 g6 12.O-O Be7 13.Bd2 Nc6 14.b4 a6 15.Rfe1 b5 16.Re2 Na7
17.a4 Qc6 18.axb5 axb5 19.Ra5 O-O 20.Re1 Qb7 21.c3 Kg7 22.Rea1 Rfb8 23.h3 c6
24.f5 Nxf5 25.Nxf5+ exf5 26.Qe3 Rh8 27.e6 f6 28.Nh4 Bd6 29.e7 Kf7 30.Nxg6 Kxg6
31.Rxa7 Rxa7 32.e8=Q+ Rxe8 33.Qxe8+ Qf7 34.Qxf7+ Rxf7 35.Ra6 Rc7 36.Kf2 Kf7
37.Kf3 Ke6 38.Ra8 Rh7 39.Be1 f4 40.Rc8 Kd7  1/2-1/2

[Event "BCF-ch"]
[Site "Ayr"]
[Date "1978.08.08"]
[Round "2"]
[White "Carleton, John J"]
[Black "Haygarth, Michael J"]
[Result "1-0"]
[WhiteElo "2280"]
[BlackElo "2360"]

1.e4 e6 2.d4 d5 3.Nc3 Bb4 4.e5 b6 5.f4 Ne7 6.Nf3 Qd7 7.Bd2 Ba6 8.Bxa6 Nxa6
9.Qe2 Nb8 10.O-O-O Bxc3 11.Bxc3 Qa4 12.Kb1 c5 13.g4 g6 14.Rhf1 Nbc6 15.Qf2 c4
16.Qh4 h6 17.Ng5 Nd8 18.b3 Qa3 19.Rf3 Rc8 20.Bb2 Qb4 21.Rdf1 c3 22.a3 Qxd4
23.Rd3 Qc5 24.Rxc3 Qb5 25.Rd3 Qc5 26.Rc1 b5 27.Rc3 Qb6 28.Rxc8 Nxc8 29.f5 gxf5
30.gxf5 Qe3 31.Nxf7 Nxf7 32.Qf6 Rh7 33.fxe6 Ng5 34.Rf1 Nxe6 35.Qg6+ Kd8 36.Qxe6  1-0

[Event "JUG-ch"]
[Site "Belgrade"]
[Date "1978.??.??"]
[Round "?"]
[White "Kurajica, Bojan"]
[Black "Nikolac, Juraj"]
[Result "1-0"]
[WhiteElo "2530"]
[BlackElo "2495"]

1.e4 e6 2.d4 d5 3.Nc3 Bb4 4.e5 b6 5.Qg4 Bf8 6.a4 Nc6 7.h4 Qd7 8.h5 f5 9.Qd1 Bb7
10.Nb1 Nh6 11.c3 Na5 12.b4 Nc4 13.Bxh6 gxh6 14.g4 Qf7 15.gxf5 Qxf5 16.Bd3 Qf4
17.Nh3 Qf7 18.Qe2 c5 19.bxc5 bxc5 20.O-O cxd4 21.cxd4 Bb4 22.Kh2 O-O-O 23.f4 Rhg8
24.Ra2 Qe7 25.Qf2 Rg7 26.Rg1 Rdg8 27.Rxg7 Rxg7 28.Rc2 Kb8 29.Nc3 Qe8 30.f5 exf5
31.Nf4 Rg5 32.Be2 Nxe5 33.dxe5 Ba5 34.Ncxd5 Qxa4 35.Qc5 Rg8 36.Rb2 Ka8 37.Bf3 Qa1
38.Rxb7 Qa2+ 39.Ng2  1-0

[Event "Buenos Aires ol (Men)"]
[Site "Buenos Aires"]
[Date "1978.??.??"]
[Round "?"]
[White "Georges, Elton"]
[Black "Radford, M."]
[Result "0-1"]
[WhiteElo "2200"]
[BlackElo "2200"]

1.e4 e6 2.d4 d5 3.Nc3 Bb4 4.e5 Ne7 5.Bd3 c5 6.Qg4 cxd4 7.Qxd4 Nbc6 8.Bb5 Bd7
9.Bxc6 Nxc6 10.Qg4 Bxc3+ 11.bxc3 Nxe5 12.Qxg7 Ng6 13.Nf3 f6 14.O-O Qe7 15.Bh6 Qf7
16.Rfe1 Rg8 17.Qxf7+ Kxf7 18.Re3 e5 19.Ne1 Rac8 20.Rg3 Rc4 21.Rb1 b6 22.Rb4 Rgc8
23.h4 Rxc3 24.Rb3 Rxg3 25.Rxg3 Rg8 26.Rc3 Rc8 27.Rg3 Nxh4 28.Rg7+ Ke6 29.Rxh7 Nf5
30.Bd2 a5 31.Rh3 Ba4 32.c3 Nd6 33.Nd3 Ne4 34.Be1 Bc2 35.a3 Bxd3 36.Rxd3 Nd6
37.a4 Rc4 38.Rd1 Rxa4 39.Rb1 Nc4 40.f3 Ra2 41.Bf2 Rb2 42.Rxb2 Nxb2 43.Bxb6 Nc4
44.Bxa5 Nxa5 45.Kf2 Kf5 46.g3 Nc4 47.Ke2 e4 48.Kf2 Nd2  0-1

[Event "Buenos Aires ol (Men)"]
[Site "Buenos Aires"]
[Date "1978.??.??"]
[Round "?"]
[White "Asmundsson, Ingvar"]
[Black "Agudelo, Antonio"]
[Result "1/2-1/2"]
[WhiteElo "2405"]
[BlackElo "2305"]

1.e4 e6 2.d4 d5 3.Nc3 Bb4 4.e5 Qd7 5.Bd2 b6 6.Nf3 Ne7 7.h4 h5 8.a3 Bxc3 9.Bxc3 Ba6
10.Bxa6 Nxa6 11.Qe2 Nb8 12.b4 Qa4 13.Rh3 Nf5 14.Kf1 a6 15.Bb2 Qb5 16.Nd2 Qxe2+
17.Kxe2 Nc6 18.c3 O-O-O 19.a4 Kb7  1/2-1/2

[Event "Buenos Aires ol (Men)"]
[Site "Buenos Aires"]
[Date "1978.??.??"]
[Round "?"]
[White "Ait Hamido, A."]
[Black "Grant, Edward"]
[Result "1-0"]
[WhiteElo "2200"]
[BlackElo "2200"]

1.e4 e6 2.d4 d5 3.Nc3 Bb4 4.e5 Qd7 5.Bd3 b6 6.Nf3 Ba6 7.Bxa6 Nxa6 8.Qd3 Nb8
9.O-O Bf8 10.Ne2 c5 11.c3 c4 12.Qc2 Nc6 13.Be3 f6 14.Rfe1 Qc7 15.Bf4 g5 16.Bg3 g4
17.exf6 gxf3 18.Bxc7  1-0

[Event "Buenos Aires ol (Women)"]
[Site "Buenos Aires"]
[Date "1978.??.??"]
[Round "?"]
[White "Ferrari Frei, C."]
[Black "Rodriguez, R."]
[Result "1/2-1/2"]
[WhiteElo "2000"]
[BlackElo "2415"]

1.e4 e6 2.d4 d5 3.Nc3 Bb4 4.e5 Ne7 5.Bd3 c5 6.Bb5+ Bd7 7.Bxd7+ Qxd7 8.Nf3 Bxc3+
9.bxc3 c4 10.O-O O-O 11.Rb1 Nbc6 12.Nh4 Ng6 13.Qg4 Nxh4 14.Qxh4 Ne7 15.Bg5 Ng6
16.Qg4 b6 17.h4 h6 18.Be3 Qe7 19.g3 Kh7 20.h5 Nh8 21.Bc1 Rg8 22.Kg2 f5 23.exf6 gxf6
24.Qf4 Nf7 25.Re1 Rae8 26.Re3 f5 27.Bd2 Rg4 28.Qf3 Ng5 29.Qe2 Ne4 30.Kf1 Qf7
31.Be1 Qxh5 32.Qf3 Qh3+ 33.Qg2 Qxg2+ 34.Kxg2 Rg7 35.f3 Ng5 36.Bd2 Rge7 37.Rh1 Kg6
38.Rhe1 Kf6 39.Rh1 Nf7 40.Re2 Kg7 41.Rhe1  1/2-1/2

[Event "Buenos Aires ol (Men)"]
[Site "Buenos Aires"]
[Date "1978.??.??"]
[Round "?"]
[White "Ciezkowski"]
[Black "Matsumoto, Ysauji"]
[Result "0-1"]
[WhiteElo "2200"]
[BlackElo "2200"]

1.e4 e6 2.d4 d5 3.Nc3 Bb4 4.e5 Qd7 5.a3 Bf8 6.Bb5 c6 7.Bd3 b6 8.Nf3 Ba6 9.O-O Ne7
10.Ne2 c5 11.c3 Bxd3 12.Qxd3 Nbc6 13.Ng3 Ng6 14.Nh5 Rc8 15.Rd1 cxd4 16.cxd4 Qb7
17.b4 a5 18.b5 Nce7 19.g4 Qc7 20.Bd2 Qc4 21.Be3 Kd7 22.Ng5 Ke8 23.Rac1 Qxd3
24.Rxc8+ Nxc8 25.Rxd3 h6 26.Rc3 Na7 27.Nxf7 Nxb5 28.Rb3 Nxd4 29.Rxb6 Nf3+
30.Kg2 Nfh4+ 31.Kg3 Kxf7 32.Rb7+ Be7 33.Bc5 Rc8 34.Be3 Nxe5 35.Rxe7+ Kxe7
36.Kxh4 g5+ 37.Kg3 Rc3 38.Kg2 Rxe3 39.fxe3 Nxg4 40.e4 d4 41.h3 Nf6 42.Ng3 Kd6
43.Kf2 Ke5 44.Kf3 a4 45.Ne2 Nxe4 46.Nc1 Kf5 47.Nd3 e5 48.Nb2 Nc5 49.Nc4 e4+
50.Kg3 d3 51.Ne3+ Ke5 52.Kf2 h5 53.Ke1 Kf4 54.Kf2 d2 55.Ng2+ Ke5 56.Ke2 Nb3
57.Ne3 Kd4 58.Nf1 g4 59.hxg4 hxg4 60.Ne3 g3 61.Nf5+ Kc3 62.Ne3 Kb2  0-1

[Event "Buenos Aires ol (Men)"]
[Site "Buenos Aires"]
[Date "1978.??.??"]
[Round "?"]
[White "Pritchett, Craig William"]
[Black "Dienavorian, Manuel"]
[Result "1-0"]
[WhiteElo "2405"]
[BlackElo "2415"]

1.e4 e6 2.d4 d5 3.Nc3 Bb4 4.e5 Qd7 5.Nf3 b6 6.Bd2 Ba6 7.Bxa6 Nxa6 8.Qe2 Nb8
9.h4 h5 10.O-O-O Nc6 11.a3 Bf8 12.Kb1 Nge7 13.Bc1 Nf5 14.Qa6 Be7 15.Ne2 Qc8
16.Qd3 Qd7 17.Nf4 g6 18.c4 dxc4 19.Qe4 O-O-O 20.d5 Nb8 21.dxe6 Qb5 22.exf7 Bxa3
23.Nxg6  1-0

[Event "Buenos Aires ol (Women)"]
[Site "Buenos Aires"]
[Date "1978.??.??"]
[Round "?"]
[White "Krumova, Velichka"]
[Black "Takahashi, Takayoshi"]
[Result "1/2-1/2"]
[WhiteElo "2000"]
[BlackElo "2200"]

1.e4 e6 2.d4 d5 3.Nc3 Bb4 4.e5 Qd7 5.Nf3 b6 6.Be2 Ba6 7.Bxa6 Nxa6 8.Qe2 Nb8
9.O-O c5 10.Nd1 cxd4 11.Nxd4 Nc6 12.Nxc6 Qxc6 13.c3 Bf8 14.Ne3 Ne7 15.Bd2 Ng6
16.Nc2 Rc8 17.Rfe1 Be7 18.Nd4 Qc4 19.Qh5 Bc5 20.Be3 O-O 21.Qg5 Ne7 22.Nf3 Nf5
23.Bxc5 Qxc5  1/2-1/2